000 00505cam a22001457a 4500
008 180718b1944 xxu||||| |||| 00| 0 eng d
082 _aD6142 Iy9
100 _aIyar, C.P. Ramaswami
245 _aDevelopment of common ideals in the British Commonwealth
_cby C.P. Ramaswami Iyar
260 _aAllahabad
_bKitabistan
_c1944
300 _a11p.
500 _aIndian Institute of International Affaris (Pamphlet),18.
650 _aIndia Institute of International Affairs
650 _aCommonwealth of Natiions
999 _c480262
_d480262